000 00623 a2200217 4500
999 _c9826
_d9826
022 _INo ISSN
050 _aKTL19.A35SOU2000
100 _aFisher D .S
_eeditor
245 _aSouth African law reports:
_b2000(2) -June /
_cFisher D, et...al
264 _aCape Town:
_bJuta & Company,
_c2000
300 _a1095p. :
500 _aIncludes index
650 _aLaw reports, . -- South Africa
651 _aSouth Africa
700 _aHanmer N
_eeditor
700 _aPienaar G
_eeditor
700 _aEvans J
_eeditor
700 _aColler K, V
_eeditor
700 _aBedwell G
_eeditor
942 _2lcc
_cSERIALS
_h19.A35
_iSOU
_kKTL